00248nam a2200097Ia 4500008004000000082001800040100002000058245002500078260003900103300000800142210210b1968 xxu||||| |||| 00| 0 eng d a371.0973 KOHT aKOHL (Herbert). aThirty six children. aUSA.bNew American Library.,c1968 a224